00292nam a2200121Ia 450000500170000000800410001708200130005810000200007124500240009126000330011530000120014865000100016020250311082740.0240331s9999 xx 000 0 und d bBALa894 aBalakrishnan, M 0aIru veru ehu pookal aColombobShanthi book Depot a32 p ., aPoems